Merre tovább, Szlovákia?

Makroekonomická analýza vývoja slovenského hospodárstva za ostatných 22 rokov. Prognózy ďalšieho vývoja.

Gespeichert in:
Bibliographische Detailangaben
1. Verfasser: Nagy, Ladislav
Format: Buchkapitel
Sprache:Ungarisch
Schlagworte:
Tags: Tag hinzufügen
Keine Tags, Fügen Sie das erste Tag hinzu!

MARC

LEADER 00000naa a2200000 4500
001 0206824
005 20240502083517.1
041 0 |a hun 
044 |a HU 
245 1 0 |a Merre tovább, Szlovákia?  |c Ladislav Nagy 
520 |a Makroekonomická analýza vývoja slovenského hospodárstva za ostatných 22 rokov. Prognózy ďalšieho vývoja. 
610 2 0 |a situácia hospodárska 
610 2 0 |a rast hospodársky 
610 2 0 |a produkt domáci hrubý 
610 2 0 |a nezamestnanosť 
610 2 0 |a spotreba 
610 2 0 |a konvergencia 
610 2 0 |a prognózy hospodárske 
610 2 0 |a Slovensko 
610 2 0 |a Európska únia 
100 1 |a Nagy, Ladislav